000 00490nam a2200241Ia 4500
001 067886
003 YMCAF
005 20230512160455.0
008 100717s1979 ||||||||||||||||| ||und|d
020 _a-
024 _a67886
035 _a7349
040 _aYMCAF
_beng
_cIN-KoLT
041 _aeng
082 _a530
_bGAM.1
100 _aGAMBHIR, R S
245 0 _aINTRODUCTORY PHYSICS VOL-I
250 _a-
260 _b-
_c1979
653 _a-
653 _a-
942 _2ddc
_cBK
999 _c4765
_d4765